駅名読みクイズ(四国) - Statistics

General Stats
  • This quiz has been taken 62 times
    56 since last reset
  • The average score is 17 of 31
Answer Stats
Question Answer % Correct
志度 しど
92%
箸蔵 はしくら
81%
祖谷口 いやぐち
78%
西大洲 にしおおず
78%
後免町 ごめんまち
70%
佐川 さかわ
68%
伊予立川 いよたちかわ
65%
鶴羽 つるわ
62%
波方 なみかた
62%
家地川 いえぢがわ
62%
讃岐白鳥 さぬきしろとり
62%
鴨島 かもじま
62%
六反地 ろくたんじ
62%
枝川 えだがわ
59%
昭和町 しょうわちょう
59%
向井原 むかいばら
57%
木岐 きき
57%
仁井田 にいだ
51%
阿波中島 あわなかしま
51%
岡花 おかばな
49%
浅川 あさかわ
49%
阿波富田 あわとみだ
49%
辺川 へがわ
49%
川田 かわた
46%
木太町 きたちょう
43%
伊尾木 いおき
41%
深田 ふかた
41%
西大方 にしおおがた
35%
西原 にしばら
35%
小島 おしま
32%
北河内 きたがわち
27%
No matching quizzes found
Score Distribution
Percent of People with Each Score
Percentile by Number Answered
Your Score History
You have not taken this quiz since the last reset